Statistiques concernant Culture Générale - Série 1048

Cliquez ici pour prendre le quiz!

Statistiques générales

  • Ce quiz a été pris 50 fois
  • Le résultat moyen est 8 sur 10

Statistiques - réponses

QuestionRéponse% Correct
Depuis 1990, les nouveaux instituteurs sont appelés professeurs des...écoles
100%
Aux échecs, quelle pièce couche-t-on traditionnellement sur l'échiquier pour signifier que l'on abandonne la partie ?roi
98%
Quelle couleur associe-t-on à une peur très intense ?bleue
96%
uel acteur américain, roi du kung-fu, est le héros des films "La Fureur du Dragon", "Opération Dragon" et "Big boss" ?Bruce Lee
92%
Quel homme politique britannique est devenu Premier ministre, en 1997 ?Tony Blair
85%
Quel metteur en scène américain a réalisé "Le Monde perdu : Jurassic Park" en 1997 ?Steven Spielberg
85%
En France, un remaniement gouvernemental est aussi appelé remaniement...ministériel
79%
En 1981, dans le film "La Soupe aux choux", quel acteur interprète l'extraterrestre surnommé "la Denrée" ?Jacques Villeret
71%
À la fois oiseau migrateur de la taille d'une bécasse et bruit rauque de respiration que font les personnes mourantes, que suis-je ?râle
60%
A quel dieu grec identifie-t-on le dieu romain Mars ?Arès
54%

Distribution des résultats

Percentile par nombre de réponses

% des personnes avec chaque résultat

Votre développement - résultats

Vous n’avez pas pris ce quiz